000 00645cam a22002293a 4500
001 25480
003 PGUSA
005 20140828083540.0
008 080515s2008||||xxu|||||s|||||000 | eng d
040 _aPGUSA
_beng
042 _adc
050 4 _aPR
245 1 4 _aThe Book of Brave Old Ballads
_h[electronic resource]
260 _bProject Gutenberg,
_c2008
506 _aPublic domain in the USA.
516 _aElectronic text
653 _aBallads, English -- Great Britain -- Texts
700 1 _aGilbert, John,
_cSir,
_d1817-1897
830 0 _aProject Gutenberg
_v25480
856 4 0 _uhttp://www.gutenberg.org/ebooks/25480
942 _cEB
999 _c254735
_d254735